00246nam a2200097Ia 4500008004100000041000800041082001300049100001800062245002800080260004000108231212s1979 xx 000 0 und d aeng a621.3817 aMillman Jacob aMicro Electronics Asian aNew DelhibInternational Bookc1979